| 000 | 00989nam a22003017a 4500 | ||
|---|---|---|---|
| 001 | 6569 | ||
| 003 | FISKH | ||
| 005 | 20260326160703.0 | ||
| 008 | 250512b cb ||||| |||| 00| 0 eng d | ||
| 020 | _a0590642057 | ||
| 040 |
_aFISKH _beng _cFISKH _dFISKH |
||
| 050 | _aPZ8.G824 W | ||
| 082 | _a516.15 | ||
| 100 |
_aGreene, Gowler Rhonda _d(1955-) |
||
| 245 |
_aWhen a line bends...a shape begins / _cRhonda Gowler Greene ; Illustrated by James Kaczman |
||
| 250 | _aThis edition first published in 1999 | ||
| 260 |
_aNew York : _bScholastic, _c1997 |
||
| 300 |
_a30 pages : _bcolor illustrations ; _c23 cm |
||
| 505 | _aJ | ||
| 520 | _aRhymed text describes how shapes are made from simple lines. Some of the verses appear on the page in the shape they describe. | ||
| 521 | 8 |
_a500
_bLexile estimate |
|
| 521 | 8 |
_aJ
_bRaz-Plus |
|
| 650 |
_2Lines _aMath |
||
| 650 |
_2Shapes _aGeometry |
||
| 700 |
_aKaczman, James _dillustrator |
||
| 942 |
_2ddc _cBK _n0 |
||
| 999 |
_c6569 _d6569 |
||